Najgęściej zaludnione dzielnice Gdańska - Statystyki

Ogólne statystyki
  • Ten quiz został rozwiązany 20 razy
  • Średni wynik to 7 z 10
Statystyki odpowiedzi
Lp. Gęstośc zal. Odpowiedź % Poprawnych
7 6 092 Wrzeszcz Dolny
100%
8 6 071 Żabianka-Wejhera- Jelitkowo-Tysiąclecia
88%
3 7 350 Przymorze Wielkie
76%
2 7 785 Chełm
71%
5 6 424 Przymorze Małe
71%
1 9 978 Zaspa Młyniec
71%
9 5 905 Zaspa Rozstaje
71%
4 6 497 Suchanino
65%
6 6 404 Piecki-Migowo
59%
10 4 867 Siedlce
59%
Nie znaleziono quizów pasujących do podanych kryteriów
Rozkład punktacji
Procent ludzi z każdym wynikiem
Percentyl według liczby udzielonych odpowiedzi
Twoja historia wyników
Nie rozwiązałeś tego quizu